[Event "D-HS-MM Muenchen (LMU) 1-Dresden (TU) 2"]
[Site "Augsburg"]
[Date "2010.10.08"]
[Round "5.1"]
[White "Siedentopf, Daniel"]
[Black "Koepke, Christian"]
[Result "1-0"]
[WhiteElo "2261"]
[BlackElo "2351"]
[PlyCount "119"]
[EventDate "2010.10.06"]

1. Nf3 Nf6 2. c4 g6 3. Nc3 Bg7 4. e4 d6 5. d4 O-O 6. h3 Na6 7. Bg5 Qe8 8. g4 c5
9. Bg2 cxd4 10. Nxd4 Bd7 11. Be3 Rc8 12. b3 Nc5 13. Rc1 a6 14. O-O b5 15. b4
Ne6 16. c5 dxc5 17. bxc5 Nxd4 18. Bxd4 e5 19. Be3 Bc6 20. Nd5 Qe6 21. Qb3 Kh8
22. Rfd1 Rcd8 23. g5 Ng8 24. Nb4 Qc8 25. Rd6 Ne7 26. Nd5 Bxd5 27. exd5 Nf5 28.
Rxd8 Rxd8 29. d6 Nxe3 30. Qxe3 f5 31. gxf6 Bxf6 32. c6 Rxd6 33. c7 Kg7 34. Bb7
Qxb7 35. c8=Q Rd1+ 36. Rxd1 Qxc8 37. Qf3 e4 38. Qg4 Qf5 39. Rd7+ Kh6 40. Qxf5
gxf5 41. Rd6 Kg7 42. Rxa6 b4 43. Kf1 Bd4 44. Rd6 Be5 45. Re6 Bd4 46. Ke2 Kf7
47. Rh6 Kg7 48. Rd6 Be5 49. Rb6 Bc3 50. Ke3 Be1 51. Rd6 Kf7 52. Rh6 Kg7 53. Rb6
Kf7 54. h4 Kg7 55. h5 Bc3 56. Kf4 Bd4 57. Rxb4 Bxf2 58. Kxf5 e3 59. Re4 Kh6 60.
Kg4 1-0

[Event "D-HS-MM Muenchen (LMU) 1-Dresden (TU) 2"]
[Site "Augsburg"]
[Date "2010.10.08"]
[Round "5.2"]
[White "Levushkina, Elena"]
[Black "Rudolf, Sebastian"]
[Result "1-0"]
[WhiteElo "2280"]
[BlackElo "2241"]
[PlyCount "47"]
[EventDate "2010.10.06"]

1. e4 c5 2. Nf3 Nc6 3. c3 d5 4. exd5 Qxd5 5. d4 Bg4 6. Be2 e6 7. h3 Bh5 8. c4
Qd7 9. g4 Bg6 10. d5 exd5 11. cxd5 Nb4 12. Ne5 Qxd5 13. Bb5+ Kd8 14. O-O Kc8
15. Nc3 Qxd1 16. Rxd1 Nf6 17. Bf4 Be7 18. a3 Nc2 19. Rac1 Nd4 20. Rxd4 cxd4 21.
Nd5+ Kd8 22. Nxf7+ Bxf7 23. Bc7+ Kc8 24. Nxe7# 1-0

[Event "D-HS-MM Muenchen (LMU) 1-Dresden (TU) 2"]
[Site "Augsburg"]
[Date "2010.10.08"]
[Round "5.3"]
[White "Zimmermann, Rene"]
[Black "Monninger, Moritz"]
[Result "1-0"]
[WhiteElo "2079"]
[BlackElo "2036"]
[PlyCount "77"]
[EventDate "2010.10.06"]

1. d4 d5 2. c4 e6 3. Nc3 Nf6 4. Bg5 Be7 5. e3 O-O 6. cxd5 exd5 7. Bd3 c6 8. Qc2
Nbd7 9. h3 Re8 10. Nf3 Nf8 11. O-O Ng6 12. Rab1 Ne4 13. Bxe7 Qxe7 14. Rfe1 Ng5
15. Nxg5 Qxg5 16. f4 Qg3 17. Qf2 Qxf2+ 18. Kxf2 Ne7 19. g4 h5 20. Kg3 hxg4 21.
hxg4 f5 22. g5 b5 23. Nd1 g6 24. Nf2 Bd7 25. Bc2 Nc8 26. Nd3 Nb6 27. Ne5 Kg7
28. Bd3 Rac8 29. Rh1 Re6 30. Rh2 Rh8 31. Rc2 a6 32. b3 Be8 33. Be2 Nc8 34. Bf3
Ne7 35. Rc3 Rd6 36. b4 Rd8 37. Rbb3 Bd7 38. Ra3 Rb8 39. Nxd7 1-0

[Event "D-HS-MM Muenchen (LMU) 1-Dresden (TU) 2"]
[Site "Augsburg"]
[Date "2010.10.08"]
[Round "5.4"]
[White "Meier, Desiderius"]
[Black "Kunze, Christopher"]
[Result "0-1"]
[WhiteElo "1973"]
[BlackElo "2003"]
[PlyCount "110"]
[EventDate "2010.10.06"]

1. e4 c5 2. b3 Nc6 3. Bb2 e5 4. Nc3 d6 5. Bc4 Nf6 6. Nge2 Be6 7. O-O a6 8. a4
Nd4 9. f4 Be7 10. f5 Bxc4 11. bxc4 Qb6 12. Ba3 Qc6 13. d3 g6 14. Nd5 Nxe2+ 15.
Qxe2 Nxd5 16. cxd5 Qd7 17. Bc1 f6 18. Bd2 O-O-O 19. c3 Qc7 20. a5 Kd7 21. fxg6
h5 22. Qf3 Rdg8 23. Qf5+ Ke8 24. Rab1 Rg7 25. Rb6 Bd8 26. Rfb1 Qd7 27. Rxb7
Qxb7 28. Rxb7 Rxb7 29. Qe6+ Kf8 30. Qxd6+ Kg7 31. Qxa6 Rb2 32. Be3 Rb1+ 33. Kf2
Rb2+ 34. Kf3 h4 35. h3 Kxg6 36. Bxc5 Ra2 37. Bb4 Rg8 38. Qe6 Kh7 39. Qf7+ Rg7
40. Qh5+ Kg8 41. Qe8+ Kh7 42. Qh5+ Kg8 43. Qxh4 Rgxg2 44. d6 Rg5 45. d7 f5 46.
Qh6 Rag2 47. Qf8+ Kh7 48. exf5 Bc7 49. d8=Q Bxd8 50. Qxd8 R5g3+ 51. Ke4 Re2+
52. Kd5 Rxd3+ 53. Ke6 Rxd8 54. f6 e4 55. Ke5 Kg6 0-1

[Event "D-HS-MM Muenster (Uni) 1-Augsburg (Uni) 3"]
[Site "Augsburg"]
[Date "2010.10.08"]
[Round "5.1"]
[White "Melzner, Lukas"]
[Black "Werner, Daniel"]
[Result "1-0"]
[WhiteElo "2089"]
[BlackElo "2091"]
[PlyCount "147"]
[EventDate "2010.10.06"]

1. c4 e5 2. g3 Nf6 3. Bg2 d5 4. cxd5 Nxd5 5. Nc3 Nb6 6. Nf3 Nc6 7. O-O Be7 8.
a3 Be6 9. b4 O-O 10. Rb1 f6 11. d3 Nd5 12. Qc2 Nxc3 13. Qxc3 Nd4 14. Nxd4 exd4
15. Qc2 Rb8 16. Bf4 Bd6 17. Bxd6 Qxd6 18. Rfc1 c6 19. Qc5 Qxc5 20. bxc5 Rfd8
21. Rb2 Bd5 22. Rcb1 Bxg2 23. Kxg2 Rd7 24. a4 a5 25. Kf3 f5 26. Rb6 Kf7 27.
Rxc6 bxc6 28. Rxb8 Rd5 29. Kf4 Kf6 30. h4 Rxc5 31. Ra8 Rd5 32. Ra6 Rc5 33. e3
Rc2 34. Kf3 Rc3 35. Rxa5 Rxd3 36. Ke2 Ra3 37. exd4 Ke6 38. Ra7 g6 39. Ra5 Kd6
40. h5 f4 41. hxg6 hxg6 42. gxf4 Kd7 43. d5 cxd5 44. Rxd5+ Kc6 45. Rd4 Kc5 46.
Re4 Kd5 47. f3 Ra2+ 48. Ke3 Kd6 49. Rb4 Ke6 50. Rb6+ Kf7 51. Ra6 Ra1 52. a5
Ra3+ 53. Kf2 Ra2+ 54. Kg3 Kg7 55. Ra8 Kf6 56. a6 Kf7 57. f5 gxf5 58. f4 Ra4 59.
Kf3 Ra3+ 60. Ke2 Kg6 61. Kd2 Kg7 62. Kc2 Ra4 63. Kb3 Ra1 64. Kc4 Rc1+ 65. Kd5
Ra1 66. a7 Kh7 67. Ke6 Ra6+ 68. Kxf5 Ra5+ 69. Kf6 Ra1 70. f5 Ra2 71. Kf7 Ra1
72. f6 Ra2 73. Kf8 Kg6 74. Kg8 1-0

[Event "D-HS-MM Muenster (Uni) 1-Augsburg (Uni) 3"]
[Site "Augsburg"]
[Date "2010.10.08"]
[Round "5.3"]
[White "Yin, Stanley"]
[Black "Hokamp, Sascha"]
[Result "1-0"]
[WhiteElo "1899"]
[BlackElo "2017"]
[PlyCount "87"]
[EventDate "2010.10.06"]

1. g3 Nf6 2. c4 c6 3. Nf3 d6 4. d4 Nbd7 5. Bg2 e5 6. dxe5 dxe5 7. O-O Bc5 8. a3
a5 9. Nc3 O-O 10. Rb1 Re8 11. b4 axb4 12. axb4 Bf8 13. b5 Qc7 14. Nd2 Nc5 15.
bxc6 bxc6 16. Nb5 Qd7 17. Ba3 Rb8 18. Bxc5 cxb5 19. Bxf8 Kxf8 20. cxb5 Rxb5 21.
Rxb5 Qxb5 22. Ne4 Nxe4 23. Bxe4 g6 24. Qd6+ Re7 25. Bc6 Qb6 26. Qf6 Re6 27.
Qh8+ Ke7 28. Bd5 Bd7 29. Bxe6 Qxe6 30. Qxh7 Bb5 31. Qh4+ Ke8 32. Rd1 Bd7 33.
Rb1 f6 34. Rb8+ Ke7 35. Qb4+ Qd6 36. Qxd6+ Kxd6 37. Rg8 Bf5 38. g4 Bxg4 39.
Rxg6 Bxe2 40. Rxf6+ Ke7 41. Rg6 Bd3 42. Rg3 Bf5 43. h4 Kf6 44. h5 1-0

[Event "D-HS-MM Muenster (Uni) 1-Augsburg (Uni) 3"]
[Site "Augsburg"]
[Date "2010.10.08"]
[Round "5.4"]
[White "Herud, Martin"]
[Black "Sedelmayr, Werner"]
[Result "1-0"]
[WhiteElo "1951"]
[BlackElo "1660"]
[PlyCount "53"]
[EventDate "2010.10.06"]

1. e4 c5 2. Nf3 d6 3. d4 cxd4 4. Nxd4 Nf6 5. Nc3 a6 6. Bc4 e6 7. Bb3 b5 8. Qe2
Be7 9. f4 Qc7 10. e5 dxe5 11. fxe5 Nfd7 12. Bf4 Nc6 13. Nxc6 Qxc6 14. O-O-O Bb7
15. Qh5 Nc5 16. Rhe1 Nxb3+ 17. axb3 Rc8 18. Re2 Qc7 19. Qg4 Bf8 20. Red2 g6 21.
Bg5 Be7 22. Bf6 Bxf6 23. exf6 Qe5 24. Rd7 Bc6 25. Re7+ Kf8 26. Qb4 Kg8 27. Rxf7
1-0

[Event "D-HS-MM Augsburg (Uni) 2-Poznanska (FH) 2"]
[Site "Augsburg"]
[Date "2010.10.08"]
[Round "5.1"]
[White "Sikorska, Agata"]
[Black "Luhn, Robert"]
[Result "1/2-1/2"]
[WhiteElo "2096"]
[BlackElo "1871"]
[PlyCount "78"]
[EventDate "2010.10.06"]

1. e4 c5 2. Nf3 d6 3. d4 cxd4 4. Nxd4 Nf6 5. Nc3 a6 6. Be2 e6 7. O-O Be7 8. a4
Qc7 9. Be3 b6 10. Nb3 Nbd7 11. f4 Bb7 12. Bf3 O-O 13. Rf2 Rfd8 14. g4 Nc5 15.
Nxc5 dxc5 16. Qe1 c4 17. g5 Nd7 18. h4 Bc5 19. h5 Bxe3 20. Qxe3 Qc5 21. Re1
Qxe3 22. Rxe3 Nc5 23. f5 exf5 24. exf5 Bxf3 25. Rexf3 Rd4 26. f6 Rg4+ 27. Rg2
Rxg2+ 28. Kxg2 Re8 29. g6 hxg6 30. hxg6 Re6 31. gxf7+ Kxf7 32. fxg7+ Kxg7 33.
Rf4 b5 34. axb5 axb5 35. Nxb5 Re2+ 36. Rf2 Rxf2+ 37. Kxf2 Na4 38. b3 cxb3 39.
cxb3 Nc5 1/2-1/2

[Event "D-HS-MM Augsburg (Uni) 2-Poznanska (FH) 2"]
[Site "Augsburg"]
[Date "2010.10.08"]
[Round "5.2"]
[White "Buehler, Florian"]
[Black "Kaczmarek, Piotr"]
[Result "1-0"]
[WhiteElo "1989"]
[BlackElo "1842"]
[PlyCount "85"]
[EventDate "2010.10.06"]

1. d4 d5 2. c4 e6 3. Nf3 Nf6 4. e3 c6 5. Nc3 Be7 6. Qc2 O-O 7. g4 dxc4 8. Bxc4
Nxg4 9. Rg1 Nf6 10. Bd2 b5 11. Be2 a6 12. Ne4 Bb7 13. Ne5 Qc7 14. Ng5 c5 15.
Ng4 g6 16. h4 Nxg4 17. Rxg4 Qh2 18. Nf3 Qh3 19. Rg3 Qf5 20. Bd3 Qh5 21. Be2
cxd4 22. Nxd4 Qxh4 23. Nf3 Qh1+ 24. Rg1 Qh3 25. Rg3 Qf5 26. Bd3 Qc5 27. Bc3 f5
28. Nd4 Qd5 29. f3 b4 30. e4 Qd6 31. Nxf5 exf5 32. Bc4+ Rf7 33. Qh2 bxc3 34.
Bxf7+ Kxf7 35. Qxh7+ Ke8 36. Rxg6 Qd2+ 37. Kf1 cxb2 38. Qg8+ Kd7 39. Qe6+ Kc7
40. Qxe7+ Nd7 41. Rb1 Qc1+ 42. Kf2 Qxb1 43. Qd6+ 1-0

[Event "D-HS-MM Augsburg (Uni) 2-Poznanska (FH) 2"]
[Site "Augsburg"]
[Date "2010.10.08"]
[Round "5.3"]
[White "Fengier, Jakub"]
[Black "Giannino, Domenico"]
[Result "1/2-1/2"]
[WhiteElo "2002"]
[BlackElo "1943"]
[PlyCount "39"]
[EventDate "2010.10.06"]

1. e4 e5 2. f4 d5 3. exd5 exf4 4. Nf3 Nf6 5. Bc4 Nxd5 6. O-O Be6 7. Bxd5 Bxd5
8. d4 Nc6 9. Bxf4 Be7 10. c3 O-O 11. Nbd2 b5 12. Ne5 Nxe5 13. Bxe5 c5 14. Qg4
f6 15. Bg3 cxd4 16. Qxd4 Rc8 17. Bf2 Bc5 18. Qf4 Qb6 19. Nf3 Bxf3 20. Qxf3
1/2-1/2

[Event "D-HS-MM Augsburg (Uni) 2-Poznanska (FH) 2"]
[Site "Augsburg"]
[Date "2010.10.08"]
[Round "5.4"]
[White "Schaad, Simon Ulrich Maria"]
[Black "Sobierska, Wioletta"]
[Result "0-1"]
[WhiteElo "1549"]
[BlackElo "1986"]
[PlyCount "54"]
[EventDate "2010.10.06"]

1. d4 d5 2. e4 e6 3. Be3 Nf6 4. f3 dxe4 5. Nd2 Nd5 6. Qe2 Nxe3 7. Qxe3 Nc6 8.
c3 Be7 9. fxe4 Bg5 10. Qf2 Bxd2+ 11. Kxd2 O-O 12. Bd3 e5 13. Ne2 exd4 14. cxd4
Nb4 15. h4 c5 16. a3 Nxd3 17. Kxd3 cxd4 18. Qxd4 Qe7 19. Nf4 f5 20. Qd5+ Kh8
21. Ke3 fxe4 22. h5 Rxf4 23. Kxf4 Qf6+ 24. Ke3 Be6 25. Qxb7 Qg5+ 26. Kd4 Rd8+
27. Kc3 Qd2# 0-1

[Event "D-HS-MM Muenster (Uni) 2-Mannheim (Uni) 1"]
[Site "Augsburg"]
[Date "2010.10.08"]
[Round "5.1"]
[White "Fruebing, Stefan"]
[Black "Webner, Dennis"]
[Result "1-0"]
[WhiteElo "2329"]
[BlackElo "1895"]
[PlyCount "59"]
[EventDate "2010.10.06"]

1. e4 d6 2. d4 g6 3. Nc3 Bg7 4. Be3 c6 5. Qd2 Nd7 6. O-O-O b5 7. Kb1 Bb7 8. f3
Qc7 9. h4 h5 10. Nh3 a6 11. Ng5 Nh6 12. Ne2 O-O-O 13. Nf4 Nf8 14. Qf2 e5 15.
dxe5 dxe5 16. Nd3 Nd7 17. Be2 Rhe8 18. Nc5 Nxc5 19. Bxc5 Rxd1+ 20. Rxd1 Rd8 21.
Rc1 Re8 22. c4 f6 23. Bb6 Qe7 24. cxb5 axb5 25. Bxb5 fxg5 26. Bxc6 Kb8 27. Bc5
Qd8 28. Bxe8 Qxe8 29. Bd6+ Ka8 30. Qb6 1-0

[Event "D-HS-MM Muenster (Uni) 2-Mannheim (Uni) 1"]
[Site "Augsburg"]
[Date "2010.10.08"]
[Round "5.2"]
[White "Wolffgang, Georg"]
[Black "Knickel, Aaron"]
[Result "1/2-1/2"]
[WhiteElo "1793"]
[BlackElo "2135"]
[PlyCount "92"]
[EventDate "2010.10.06"]

1. f4 d6 2. Nf3 g6 3. e4 Bg7 4. d4 Nd7 5. Nc3 a6 6. Bd3 b5 7. e5 c5 8. Be3 Bb7
9. Be4 Qc8 10. O-O b4 11. Bxb7 Qxb7 12. Ne2 Nh6 13. c3 O-O 14. Qb3 Qe4 15. cxb4
c4 16. Nd2 Qxd4 17. Nxc4 Qe4 18. Ng3 Qc6 19. Rac1 Qb7 20. Na5 Qb8 21. Nc6 Qe8
22. e6 Nf6 23. f5 Kh8 24. Bg5 Nxf5 25. Nxf5 gxf5 26. Rxf5 Rc8 27. exf7 Qd7 28.
Qf3 Rxf7 29. b5 axb5 30. Rxb5 Rff8 31. Rf5 d5 32. Nb4 Rxc1+ 33. Bxc1 e6 34. Rf4
e5 35. Rf5 e4 36. Qf2 Rc8 37. Bg5 Ng4 38. Rf7 Qe6 39. Qf5 Qxf5 40. Rxf5 Bd4+
41. Kf1 Nxh2+ 42. Ke2 Ng4 43. Rxd5 Bxb2 44. Rd8+ Rxd8 45. Bxd8 Ba3 46. Nd5 Kg7
1/2-1/2

[Event "D-HS-MM Muenster (Uni) 2-Mannheim (Uni) 1"]
[Site "Augsburg"]
[Date "2010.10.08"]
[Round "5.3"]
[White "Sohl, Jan"]
[Black "Zarubin, Ilja"]
[Result "1-0"]
[WhiteElo "2133"]
[BlackElo "1743"]
[PlyCount "87"]
[EventDate "2010.10.06"]

1. e4 d6 2. d4 Nf6 3. Nc3 g6 4. h3 c6 5. a4 Nbd7 6. Be3 Bg7 7. Nf3 Qc7 8. a5
O-O 9. Be2 e5 10. O-O Re8 11. dxe5 dxe5 12. Bc4 Nf8 13. Nd2 Ne6 14. Nb3 Bf8 15.
Qf3 Nh5 16. Rfd1 Nhf4 17. Rd2 Bb4 18. h4 Be7 19. g3 Nh3+ 20. Kg2 h5 21. Kh2
Nef4 22. Bc5 Bxc5 23. Nxc5 g5 24. Nd3 g4 25. Qe3 Ne6 26. Ne2 Kg7 27. c3 Qe7 28.
b4 Qf6 29. Nec1 Nf8 30. Nb3 Ng6 31. Nbc5 Rb8 32. b5 b6 33. axb6 axb6 34. Na6
Rb7 35. Nab4 cxb5 36. Bxb5 Rd8 37. Nd5 Qd6 38. N3b4 f5 39. exf5 Bxf5 40. Rda2
e4 41. Ra7 Rdb8 42. Bc6 Rxa7 43. Rxa7+ Kg8 44. Qh6 1-0

[Event "D-HS-MM Muenster (Uni) 2-Mannheim (Uni) 1"]
[Site "Augsburg"]
[Date "2010.10.08"]
[Round "5.4"]
[White "Braun, Oskar"]
[Black "Hummel, Dennis"]
[Result "0-1"]
[WhiteElo "1717"]
[BlackElo "1932"]
[PlyCount "70"]
[EventDate "2010.10.06"]

1. d4 Nf6 2. c4 e6 3. Nc3 Bb4 4. Qc2 c5 5. Nf3 b6 6. e3 Bb7 7. Be2 O-O 8. O-O
Na6 9. Bd2 cxd4 10. Nxd4 Bc5 11. Bf3 Bxf3 12. Nxf3 Qc7 13. b3 Nb4 14. Qb2 a6
15. Rfd1 Rac8 16. Be1 Rfd8 17. Rac1 Qb7 18. Ne5 Qb8 19. Nf3 Nc6 20. h3 Ne5 21.
Nxe5 Qxe5 22. Na4 Qxb2 23. Nxb2 Ba3 24. Rc2 d5 25. Bc3 Ne4 26. Be5 f6 27. Bh2
Bxb2 28. Rxb2 dxc4 29. Rxd8+ Rxd8 30. Bc7 c3 31. Rc2 Rd2 32. Rc1 c2 33. Kh2 Nc3
34. e4 Nxa2 35. Bf4 Nxc1 0-1

[Event "D-HS-MM Dresden (TU) 2-Poznanska (FH) 1"]
[Site "Augsburg"]
[Date "2010.10.09"]
[Round "6.2"]
[White "Rudolf, Sebastian"]
[Black "Lubczynski, Rafal"]
[Result "1/2-1/2"]
[WhiteElo "2241"]
[BlackElo "2419"]
[PlyCount "66"]
[EventDate "2010.10.06"]

1. e4 d6 2. d4 Nf6 3. Nc3 e5 4. Nf3 Nbd7 5. Bc4 Be7 6. O-O O-O 7. Re1 a6 8. a4
b6 9. b3 c6 10. Bb2 Bb7 11. Bd3 Re8 12. Ne2 Bf8 13. Ng3 g6 14. c3 b5 15. b4 Nb6
16. axb5 cxb5 17. d5 Na4 18. Qb3 Nxb2 19. Qxb2 Bh6 20. Nd2 Qb6 21. Nb3 Bc8 22.
Na5 Bd7 23. h3 Rec8 24. Ra3 Rc7 25. Rea1 Ne8 26. Qe2 Rb8 27. Nc6 Bxc6 28. Rxa6
Qb7 29. dxc6 Rxc6 30. Bxb5 Rxc3 31. Bxe8 Rxe8 32. b5 Rb3 33. Rxd6 Rxb5 1/2-1/2

[Event "D-HS-MM Dresden (TU) 2-Poznanska (FH) 1"]
[Site "Augsburg"]
[Date "2010.10.09"]
[Round "6.3"]
[White "Panocki, Adrian"]
[Black "Zimmermann, Rene"]
[Result "1-0"]
[WhiteElo "2354"]
[BlackElo "2079"]
[PlyCount "113"]
[EventDate "2010.10.06"]

1. Nf3 Nf6 2. d4 c6 3. Bf4 Qb6 4. b3 e6 5. c3 c5 6. e3 d5 7. Bd3 Bd7 8. O-O Nc6
9. Nbd2 Rc8 10. Ne5 cxd4 11. exd4 Ne7 12. Ndf3 Rxc3 13. Qd2 Rxd3 14. Nxd3 Ne4
15. Qc2 Bb5 16. Rfd1 Nc6 17. Nde5 Ba3 18. Bc1 Bd6 19. a4 Ba6 20. Ba3 Bxa3 21.
Rxa3 O-O 22. Nd7 Qb4 23. Nxf8 Qxa3 24. Nd7 Qb4 25. Nde5 Nc3 26. Nxc6 bxc6 27.
Re1 c5 28. Re3 cxd4 29. Nxd4 Ne4 30. Nc6 Qb6 31. h3 f5 32. b4 d4 33. Rxe4 fxe4
34. Qxe4 Bc4 35. Nxd4 Bd5 36. Qe5 Qxb4 37. Nxe6 Bxe6 38. Qxe6+ Kf8 39. Qc8+ Kf7
40. Qd7+ Qe7 41. Qxe7+ Kxe7 42. f4 Kd6 43. Kf2 Kc5 44. g4 Kd4 45. Kf3 a5 46. g5
g6 47. f5 gxf5 48. Kf4 Kc4 49. h4 Kb4 50. h5 Kxa4 51. g6 hxg6 52. hxg6 Ka3 53.
g7 a4 54. g8=Q Kb2 55. Qb8+ Ka2 56. Ke3 f4+ 57. Kd2 1-0

[Event "D-HS-MM Dresden (TU) 2-Poznanska (FH) 1"]
[Site "Augsburg"]
[Date "2010.10.09"]
[Round "6.4"]
[White "Kunze, Christopher"]
[Black "Maciejczak, Jakub"]
[Result "0-1"]
[WhiteElo "2003"]
[BlackElo "2327"]
[PlyCount "66"]
[EventDate "2010.10.06"]

1. e4 c6 2. d4 d5 3. Nd2 dxe4 4. Nxe4 Nd7 5. Ng5 Ngf6 6. Bd3 e6 7. Bd2 Qb6 8.
Bc3 h6 9. Ne4 Nxe4 10. Bxe4 Nf6 11. Bd3 Nd5 12. Ne2 Nxc3 13. bxc3 Be7 14. O-O
O-O 15. f4 Rd8 16. f5 exf5 17. Bxf5 c5 18. Qd3 Bf6 19. Rab1 Qc7 20. Be4 cxd4
21. cxd4 Rb8 22. c3 Be6 23. Qf3 Rd6 24. Rxb7 Rxb7 25. Bxb7 Bxa2 26. Ra1 Bc4 27.
Ng3 Rxd4 28. Ne4 Be5 29. Rb1 Rd8 30. g3 a5 31. Nf2 Rb8 32. Ng4 Qc5+ 33. Kg2
Rxb7 0-1

[Event "D-HS-MM Augsburg (Uni) 3-Augsburg (Uni) 1"]
[Site "Augsburg"]
[Date "2010.10.09"]
[Round "6.1"]
[White "Grimberg, Boris"]
[Black "Melzner, Lukas"]
[Result "1/2-1/2"]
[WhiteElo "2331"]
[BlackElo "2089"]
[PlyCount "51"]
[EventDate "2010.10.06"]

1. e4 e6 2. d4 d5 3. Nd2 c5 4. exd5 Qxd5 5. Ngf3 cxd4 6. Bc4 Qd6 7. O-O Nf6 8.
Nb3 Nc6 9. Nbxd4 Nxd4 10. Nxd4 a6 11. Re1 Qc7 12. Bb3 Bd6 13. h3 O-O 14. Bg5 e5
15. Nf3 Bf5 16. Nh4 Bg6 17. Bxf6 gxf6 18. Qf3 e4 19. Qg4 Kh8 20. c3 Rae8 21.
Nf5 Bc5 22. Ne3 f5 23. Qh4 Qe5 24. Nc4 Qc7 25. Ne3 Qe5 26. Nc4 1/2-1/2

[Event "D-HS-MM Augsburg (Uni) 3-Augsburg (Uni) 1"]
[Site "Augsburg"]
[Date "2010.10.09"]
[Round "6.2"]
[White "Zikeli, Saskia"]
[Black "Billing, Christian"]
[Result "1/2-1/2"]
[WhiteElo "2020"]
[BlackElo "2273"]
[PlyCount "83"]
[EventDate "2010.10.06"]

1. c4 Nf6 2. Nc3 c5 3. g3 Nc6 4. Bg2 e6 5. Nf3 Be7 6. O-O d5 7. cxd5 exd5 8. d4
c4 9. Ne5 O-O 10. Bg5 h6 11. Bxf6 Bxf6 12. Bxd5 Nxe5 13. dxe5 Bxe5 14. Bxc4 Bh3
15. Qxd8 Raxd8 16. Rfd1 Rc8 17. Bd5 b6 18. Rac1 Rfe8 19. e4 Bg4 20. Rd2 Rc7 21.
Ne2 Rxc1+ 22. Nxc1 Rc8 23. Nd3 Bf6 24. Kg2 Kf8 25. h3 Bd7 26. f4 Bb5 27. e5 Rd8
28. Be4 Be7 29. Kf3 Bc5 30. Rd1 Rd4 31. Nf2 Ra4 32. Bb1 Bc6+ 33. Ke2 Ke7 34. b3
Bb5+ 35. Kf3 Bc6+ 36. Ke2 Bb5+ 37. Nd3 Re4+ 38. Kd2 Bxd3 39. Bxd3 Bb4+ 40. Kc2
Rd4 41. Bb5 Rxd1 42. Kxd1 1/2-1/2

[Event "D-HS-MM Augsburg (Uni) 3-Augsburg (Uni) 1"]
[Site "Augsburg"]
[Date "2010.10.09"]
[Round "6.3"]
[White "Demel, Paul"]
[Black "Yin, Stanley"]
[Result "1-0"]
[WhiteElo "2094"]
[BlackElo "1899"]
[PlyCount "47"]
[EventDate "2010.10.06"]

1. e4 Nc6 2. Nf3 e5 3. Bb5 Nf6 4. O-O d6 5. d4 Bd7 6. c3 h6 7. Re1 a6 8. Ba4 b5
9. Bb3 Bg4 10. h3 Bxf3 11. Qxf3 Na5 12. Bc2 g6 13. b3 Bg7 14. dxe5 dxe5 15. Ba3
Nb7 16. Rd1 Qc8 17. c4 c5 18. cxb5 axb5 19. Bb2 Qe6 20. Na3 b4 21. Nc4 Nd7 22.
Qd3 Rd8 23. Qd5 Qa6 24. Qxb7 1-0

[Event "D-HS-MM Augsburg (Uni) 3-Augsburg (Uni) 1"]
[Site "Augsburg"]
[Date "2010.10.09"]
[Round "6.4"]
[White "Sedelmayr, Werner"]
[Black "Woniak, Katarzyna"]
[Result "1/2-1/2"]
[WhiteElo "1660"]
[BlackElo "1953"]
[PlyCount "93"]
[EventDate "2010.10.06"]

1. e4 g6 2. d4 Bg7 3. Nc3 c6 4. f4 d5 5. e5 h5 6. Be3 Nh6 7. Nf3 Bg4 8. h3 Bf5
9. Bd3 e6 10. Qd2 Nd7 11. O-O-O Bxd3 12. Qxd3 h4 13. Bf2 Nf5 14. Ne2 Bh6 15.
Qd2 Nb6 16. Kb1 Nc4 17. Qc1 Bf8 18. g4 hxg3 19. Nxg3 Nxg3 20. Bxg3 Qb6 21. Ka1
a5 22. Rd3 a4 23. a3 Qa7 24. Bf2 b5 25. Nd2 b4 26. h4 Qb7 27. Nxc4 dxc4 28.
Rdh3 Rb8 29. Be1 c3 30. axb4 cxb2+ 31. Qxb2 Bxb4 32. Bxb4 Qxb4 33. Rb1 Qxb2+
34. Rxb2 Ke7 35. Ka2 Rb5 36. c4 Rxb2+ 37. Kxb2 Rd8 38. Kc3 Rb8 39. Kc2 Rb4 40.
Rc3 a3 41. Rxa3 Rxc4+ 42. Kd3 Rc1 43. Rc3 Rd1+ 44. Ke4 Re1+ 45. Kf3 Rf1+ 46.
Kg4 Rg1+ 47. Kf3 1/2-1/2

[Event "D-HS-MM Dresden (TU) 1-Mannheim (Uni) 1"]
[Site "Augsburg"]
[Date "2010.10.09"]
[Round "6.1"]
[White "Fruebing, Stefan"]
[Black "Loxine, Iakov"]
[Result "0-1"]
[WhiteElo "2329"]
[BlackElo "2350"]
[PlyCount "96"]
[EventDate "2010.10.06"]

1. e4 e6 2. d4 d5 3. Nc3 Bb4 4. e5 b6 5. Qg4 Bf8 6. g3 Ne7 7. Bg5 Ba6 8. Bg2
Qd7 9. Nf3 Nbc6 10. O-O-O h6 11. Qh5 Rg8 12. Be3 Na5 13. Kb1 g6 14. Qh3 Nf5 15.
Bc1 h5 16. Nh4 Nxh4 17. Qxh4 Bb4 18. Qf6 Bxc3 19. bxc3 Qe7 20. Qxe7+ Kxe7 21.
Bg5+ Kd7 22. h3 c5 23. Rhe1 cxd4 24. cxd4 Rac8 25. Re3 Rc7 26. Rf3 Kc6 27. Rc3+
Bc4 28. Bf3 Kb7 29. Kb2 b5 30. a3 Nc6 31. h4 a5 32. Re3 b4 33. Rd2 Rb8 34. Bd1
bxa3+ 35. Kxa3 Ka6 36. Be2 Bxe2 37. Rexe2 Nb4 38. Bf6 Rbc8 39. Kb2 Kb5 40. f3
Rc3 41. Be7 Rxf3 42. Bxb4 Kxb4 43. Rd3 Rxd3 44. cxd3 a4 45. Rf2 a3+ 46. Ka2 Rc7
47. Rf1 Rc2+ 48. Ka1 Kb3 0-1

[Event "D-HS-MM Dresden (TU) 1-Mannheim (Uni) 1"]
[Site "Augsburg"]
[Date "2010.10.09"]
[Round "6.2"]
[White "Zwahr, Paul"]
[Black "Knickel, Aaron"]
[Result "1/2-1/2"]
[WhiteElo "2273"]
[BlackElo "2135"]
[PlyCount "78"]
[EventDate "2010.10.06"]

1. e4 g6 2. d4 d6 3. Nc3 Bg7 4. f4 a6 5. Nf3 b5 6. Bd3 Nd7 7. e5 c5 8. Ng5 cxd4
9. e6 f5 10. exd7+ Qxd7 11. Ne2 e5 12. c3 h6 13. Nf3 e4 14. Bxe4 fxe4 15. Nfxd4
Ne7 16. O-O O-O 17. a4 bxa4 18. Rxa4 Kh7 19. Qb3 Nf5 20. Nxf5 gxf5 21. Be3 Bb7
22. Rd1 Rg8 23. Rb4 Bc6 24. Nd4 a5 25. Nxc6 axb4 26. Nxb4 Ra5 27. Bb6 Raa8 28.
Qd5 Rab8 29. Be3 Rgc8 30. Qd2 Rb5 31. Ra1 Rc7 32. Ra6 d5 33. Bd4 Rc4 34. Bxg7
Kxg7 35. Qf2 Kh7 36. Qh4 Qg7 37. Qh5 d4 38. Rxh6+ Qxh6 39. Qf7+ Qg7 1/2-1/2

[Event "D-HS-MM Dresden (TU) 1-Mannheim (Uni) 1"]
[Site "Augsburg"]
[Date "2010.10.09"]
[Round "6.3"]
[White "Sohl, Jan"]
[Black "Hoffmann, Paul"]
[Result "1/2-1/2"]
[WhiteElo "2133"]
[BlackElo "2317"]
[PlyCount "71"]
[EventDate "2010.10.06"]

1. e4 e6 2. d4 d5 3. Nc3 Nf6 4. Bg5 Bb4 5. e5 h6 6. Bd2 Bxc3 7. bxc3 Ne4 8. Qg4
g6 9. Qf4 c5 10. Bd3 Nxd2 11. Qxd2 c4 12. Be2 Bd7 13. h4 Bc6 14. h5 g5 15. f4
gxf4 16. Qxf4 Nd7 17. Nf3 Qe7 18. O-O O-O-O 19. Nh2 Rh7 20. Ng4 Rg8 21. Rad1
Rg5 22. Rf2 Rf5 23. Qe3 Rxf2 24. Nxf2 Qh4 25. Rf1 Ba4 26. Bd1 Rg7 27. Qxh6 Qg3
28. Ng4 Rxg4 29. Bxg4 Qxg4 30. Qh7 Qe2 31. h6 Bxc2 32. Qg8+ Kc7 33. h7 Qe3+ 34.
Rf2 Qc1+ 35. Rf1 Qe3+ 36. Rf2 1/2-1/2

[Event "D-HS-MM Dresden (TU) 1-Mannheim (Uni) 1"]
[Site "Augsburg"]
[Date "2010.10.09"]
[Round "6.4"]
[White "Boettger, Lukas"]
[Black "Hummel, Dennis"]
[Result "1-0"]
[WhiteElo "2093"]
[BlackElo "1932"]
[PlyCount "73"]
[EventDate "2010.10.06"]

1. d4 Nf6 2. c4 e6 3. Nc3 Bb4 4. e3 O-O 5. Bd3 c5 6. Nf3 d5 7. O-O Nc6 8. a3
Bxc3 9. bxc3 dxc4 10. Bxc4 Qc7 11. Bb2 Na5 12. Ba2 b5 13. a4 a6 14. Ba3 Ne4 15.
Qc2 Bb7 16. Nd2 Nxd2 17. Qxd2 Rfd8 18. Rac1 c4 19. Qe2 Qc6 20. f3 bxa4 21. e4
Nb3 22. Rce1 f6 23. Qf2 Re8 24. Kh1 Rad8 25. Bb1 Qc7 26. Bc2 Rd7 27. f4 g6 28.
f5 gxf5 29. exf5 Rg7 30. Be4 Bc6 31. d5 exd5 32. Bxd5+ Kh8 33. Rxe8+ Bxe8 34.
Bf8 Rg5 35. Re1 Bd7 36. Re7 Qd8 37. Rxh7+ 1-0